Picture Quiz - Cereal Mascotts in 30 Seconds - Statistics

General Stats
  • This quiz has been taken 13 times
  • The average score is 5 of 16
Answer Stats
Picture Answer % Correct
Trix
86%
Honey Nut Cheerios
71%
Lucky Charms
71%
Frosted Flakes
57%
Cap'n Crunch
43%
Corn Flakes
43%
Froot Loops
43%
Rice Krispies
43%
Raisin Bran
29%
Cocoa Puffs
14%
Count Chocula
14%
Fruity Pebbles
14%
Cookie Crisp
0%
Franken Berry
0%
Golden Crisp
0%
Honey Smacks
0%
No matching quizzes found
Score Distribution
Percent of People with Each Score
Percentile by Number Answered
Your Score History
You have not taken this quiz